Normal view MARC view
  • AIMA NADEEM AMARA AZMAT AYESHA TUFAIL SONIA UMAR

Entry Personal Name

Number of records used in: 1

001 - CONTROL NUMBER

  • control field: 71342

003 - CONTROL NUMBER IDENTIFIER

  • control field: NUST

005 - DATE AND TIME OF LATEST TRANSACTION

  • control field: 20210628204626.0

008 - FIXED-LENGTH DATA ELEMENTS

  • fixed length control field: 210628|| aca||aabn | a|a d

040 ## - CATALOGING SOURCE

  • Original cataloging agency: NUST
  • Transcribing agency: NUST

100 ## - HEADING--PERSONAL NAME

  • Personal name: AIMA NADEEM AMARA AZMAT AYESHA TUFAIL SONIA UMAR

670 ## - SOURCE DATA FOUND

  • Source citation: Work cat.: (NUST): AIMA NADEEM AMARA AZMAT AYESHA TUFAIL SONIA UMAR, PR-SOF-1632-SMART AIMER FOR ROCKET PROPELLED GRENADE (RPG-7), 2017
© 2023 Central Library, National University of Sciences and Technology. All Rights Reserved.